[Event "52nd Groningen Open"]
[Site "Groningen NED"]
[Date "2014.12.29"]
[Round "8.34"]
[White "Lewin, Tammo"]
[Black "Minko, Vladimir"]
[Result "0-1"]
[BlackTitle "FM"]
[WhiteElo "2131"]
[BlackElo "2215"]
[WhiteFideId "4668596"]
[BlackFideId "24146706"]
[EventDate "2014.12.21"]

1. d4 Nf6 2. e3 e6 3. Bd3 c5 4. c3 d5 5. f4 Nc6 6. Nf3 Bd6 7. O-O O-O 8. Ne5 Ne8
9. Nd2 f6 10. Qh5 f5 11. Qe2 Nf6 12. Ndf3 Bd7 13. Bd2 Be8 14. Be1 Bh5 15. Bh4
Qc7 16. h3 Bxe5 17. fxe5 Ne4 18. g4 Bg6 19. Ne1 f4 20. Ng2 fxe3 21. Nf4 cxd4 22.
Nxe6 Rxf1+ 23. Rxf1 Qxe5 0-1

[Event "52nd Groningen Open"]
[Site "Groningen NED"]
[Date "2014.12.29"]
[Round "8.35"]
[White "Gerlagh, Joris"]
[Black "Henseler, Jorgen"]
[Result "1/2-1/2"]
[WhiteElo "2193"]
[BlackElo "2110"]
[WhiteFideId "1038834"]
[BlackFideId "1023233"]
[EventDate "2014.12.21"]

1. e4 c6 2. d4 d5 3. Nd2 dxe4 4. Nxe4 Nd7 5. Qe2 Ndf6 6. c3 Nxe4 7. Qxe4 Nf6 8.
Qc2 Qd5 9. Nf3 Bf5 10. Bd3 Bxd3 11. Qxd3 e6 12. Bf4 Bd6 13. Bxd6 Qxd6 14. O-O-O
O-O 15. Rhe1 c5 16. Ne5 cxd4 17. Qxd4 Qe7 18. Qd6 Rfe8 19. Qxe7 Rxe7 20. b3 Rc8
21. Kb2 Rec7 22. c4 Kf8 23. Rd2 Ke7 24. f3 Rd8 25. Rxd8 Kxd8 26. Rd1+ Ke7 27. b4
Nd7 28. Nxd7 Rxd7 29. Rxd7+ Kxd7 30. Kc3 Kd6 31. Kd4 e5+ 32. Ke4 g6 33. g4 f6
34. f4 exf4 35. Kxf4 a5 36. a3 axb4 37. axb4 b6 38. Ke4 Kc6 39. h3 Kd6 40. h4
Kc6 41. h5 Kd6 42. h6 Ke6 43. c5 bxc5 44. bxc5 f5+ 45. gxf5+ gxf5+ 46. Kf4 Kd5
47. Kxf5 Kxc5 48. Kf6 Kd6 49. Kg7 Ke7 50. Kxh7 Kf7 51. Kh8 Kf8 52. h7 Kf7 1/2-1/2

[Event "52nd Groningen Open"]
[Site "Groningen NED"]
[Date "2014.12.29"]
[Round "8.36"]
[White "Ebralidze, Alexandre"]
[Black "Heemskerk, Wim"]
[Result "1/2-1/2"]
[BlackTitle "FM"]
[WhiteElo "2128"]
[BlackElo "2169"]
[WhiteFideId "13604660"]
[BlackFideId "1001000"]
[EventDate "2014.12.21"]

1. d4 e6 2. c4 Nf6 3. Nf3 b6 4. a3 Ba6 5. Qb3 d5 6. e3 Be7 7. Nc3 O-O 8. cxd5
Bxf1 9. Kxf1 exd5 10. g3 c6 11. Kg2 Bd6 12. Re1 Nbd7 13. e4 Nxe4 14. Nxe4 dxe4
15. Rxe4 h6 16. Bd2 Nf6 17. Re2 Re8 18. Rae1 Rxe2 19. Rxe2 Qd7 20. Ne5 Bxe5 21.
dxe5 Re8 22. f4 Nd5 23. Qf3 f5 24. h3 Qe6 25. g4 Rf8 26. Qg3 fxg4 27. hxg4 Nf6
28. f5 Qc4 29. Qf3 Nxg4 30. b3 Qd5 31. Qxd5+ cxd5 32. Kg3 h5 33. e6 Rc8 34. Kh4
Nf6 35. Bg5 Ne4 36. Re3 Nd6 37. Kxh5 Nxf5 38. Re5 Nd4 39. e7 Kf7 40. Rxd5 Rh8+
41. Kg4 Ne6 42. Rf5+ 1/2-1/2

[Event "52nd Groningen Open"]
[Site "Groningen NED"]
[Date "2014.12.29"]
[Round "8.37"]
[White "Dehn, Marcus"]
[Black "Benson, Oisin P."]
[Result "1-0"]
[WhiteElo "2169"]
[BlackElo "2010"]
[WhiteFideId "4667093"]
[BlackFideId "2501821"]
[EventDate "2014.12.21"]

1. d4 Nf6 2. Nf3 g6 3. g3 Bg7 4. Bg2 O-O 5. O-O d6 6. Nc3 Nbd7 7. Nd2 c5 8. dxc5
Nxc5 9. Nb3 Ne6 10. a4 Rb8 11. a5 Bd7 12. Be3 a6 13. Ba7 Ra8 14. Bb6 Qc8 15. e4
Nd8 16. Re1 Nc6 17. f4 Bh3 18. Nd5 Bxg2 19. Kxg2 Kh8 20. c3 h5 21. Nd4 Qd7 22.
Nxc6 Nxd5 23. Qxd5 bxc6 24. Qd3 Qe6 25. Re2 Qb3 26. Ra3 Qe6 27. Ra4 Rfe8 28. f5
gxf5 29. exf5 Qh6 30. Qf3 Bf6 31. Qxc6 h4 32. Qf3 Rg8 33. Be3 Qh7 34. Bf2 Rab8
35. Bd4 Bxd4 36. Rxd4 Rb5 37. Rd5 hxg3 38. hxg3 Rxd5 39. Qxd5 Rg5 40. Rxe7 Kg8
41. Re8+ Kg7 42. Qd4+ Kh6 43. Qh4+ Rh5 44. Qf6+ 1-0

[Event "52nd Groningen Open"]
[Site "Groningen NED"]
[Date "2014.12.29"]
[Round "8.38"]
[White "Dijkhuis, Sven"]
[Black "Ratsma, Rosa"]
[Result "1-0"]
[WhiteElo "2126"]
[BlackElo "2165"]
[WhiteFideId "1036556"]
[BlackFideId "1033662"]
[EventDate "2014.12.21"]

1. e4 c5 2. Nf3 d6 3. d4 cxd4 4. Nxd4 Nf6 5. Nc3 a6 6. h3 e6 7. g4 Be7 8. g5
Nfd7 9. h4 b5 10. a3 Bb7 11. Be3 Nc6 12. f4 Rc8 13. Bg2 Nb6 14. f5 e5 15. Nxc6
Bxc6 16. O-O Nc4 17. Bc1 Qb6+ 18. Kh1 Rd8 19. Qd3 Qb7 20. b3 Nb6 21. Be3 Nd7 22.
Rad1 f6 23. Qe2 Rc8 24. Rg1 Qc7 25. Bd2 Qb7 26. Qh5+ Kf8 27. Bf3 Nc5 28. Qg4 a5
29. gxf6 Bxf6 30. Bg5 Bxg5 31. Qxg5 Nxe4 32. Nxe4 Bxe4 33. Bxe4 Qxe4+ 34. Rg2
Qb7 35. Rxd6 Qc7 36. Rc6 Qxc6 37. Qxg7+ Ke8 38. Qxh8+ Kd7 39. Qxh7+ Kd6 40. Kh2
Qc7 41. Rd2+ Kc6 42. Qxc7+ Rxc7 43. Kg3 Rg7+ 44. Kf3 Kc5 45. Ke4 Rg4+ 46. Kxe5
Rxh4 47. f6 Rh1 48. f7 Rf1 49. Ke6 1-0

[Event "52nd Groningen Open"]
[Site "Groningen NED"]
[Date "2014.12.29"]
[Round "8.39"]
[White "Stegariu, Alexandru"]
[Black "Nguyen, Kevin"]
[Result "1/2-1/2"]
[WhiteElo "2156"]
[BlackElo "1986"]
[WhiteFideId "1218042"]
[BlackFideId "1046349"]
[EventDate "2014.12.21"]

1. c4 Nf6 2. Nc3 g6 3. g3 Bg7 4. Bg2 O-O 5. e4 d6 6. Nge2 c5 7. O-O Nc6 8. d3 a6
9. h3 Rb8 10. f4 Ne8 11. Be3 b5 12. Qd2 Nd4 13. Rab1 Nc7 14. Nd5 Nxd5 15. cxd5
b4 16. Nxd4 cxd4 17. Bf2 Bd7 18. Rfe1 Qb6 19. e5 e6 20. Re4 Qb5 21. Bxd4 exd5
22. Re2 1/2-1/2

[Event "52nd Groningen Open"]
[Site "Groningen NED"]
[Date "2014.12.29"]
[Round "8.40"]
[White "Den Hartog, Marijn"]
[Black "Kokje, Joris"]
[Result "0-1"]
[WhiteElo "2150"]
[BlackElo "1865"]
[WhiteFideId "1046098"]
[BlackFideId "1051024"]
[EventDate "2014.12.21"]

1. e4 c5 2. Nf3 Nc6 3. d4 cxd4 4. Nxd4 d6 5. Bb5 Bd7 6. O-O Nf6 7. Nc3 g6 8. Be3
Bg7 9. f3 O-O 10. Qd2 a6 11. Be2 Rc8 12. a4 Ne5 13. Nb3 Be6 14. Nd5 Bxd5 15.
exd5 Qc7 16. Rac1 Nc4 17. Bxc4 Qxc4 18. Rfd1 Qxa4 19. Na5 Nd7 20. c4 Ne5 21. b3
Qd7 22. f4 Ng4 23. Bb6 Qf5 24. h3 Nf6 25. Rf1 h5 26. Rce1 Rfe8 27. Qf2 Nd7 28.
b4 Qf6 29. Re4 Qc3 30. Rb1 Nxb6 31. Rb3 Qa1+ 32. Re1 Qd4 33. Nxb7 Qxf2+ 34. Kxf2
Nxc4 35. b5 axb5 36. Rxb5 Nb6 37. Re4 Nd7 38. Re2 Nc5 39. Na5 e5 40. Nc6 Nd3+
41. Kg1 Nxf4 42. Ra2 Nxd5 0-1

[Event "52nd Groningen Open"]
[Site "Groningen NED"]
[Date "2014.12.29"]
[Round "8.41"]
[White "Bar, Aviv"]
[Black "Schoppen, Casper"]
[Result "0-1"]
[WhiteElo "2142"]
[BlackElo "1927"]
[WhiteFideId "2806339"]
[BlackFideId "1046730"]
[EventDate "2014.12.21"]

1. e4 c5 2. Nf3 d6 3. d4 cxd4 4. Nxd4 Nf6 5. Nc3 a6 6. h3 e6 7. g4 h6 8. Bg2 Qc7
9. O-O Nc6 10. a4 Be7 11. Nde2 Rb8 12. b3 b5 13. axb5 axb5 14. Bb2 b4 15. Na4
Ba6 16. Re1 O-O 17. Ng3 Rfd8 18. Qd2 Qa7 19. Kh1 Rbc8 20. f4 d5 21. e5 Ne4 22.
Nxe4 dxe4 23. Qe3 Qxe3 24. Rxe3 Nd4 25. Bxd4 Rxd4 26. Bxe4 Rxe4 27. Rxe4 Bb7 28.
Re1 Bh4 29. Re2 Rxc2 30. Kg1 Rc1+ 31. Kg2 Rb1 32. Nc5 Bd5 33. Kh2 Be7 34. Rc2
Bxc5 0-1

[Event "52nd Groningen Open"]
[Site "Groningen NED"]
[Date "2014.12.29"]
[Round "8.42"]
[White "Sparenberg, Erik"]
[Black "Edeling, Jeroen"]
[Result "0-1"]
[WhiteElo "2105"]
[BlackElo "2142"]
[WhiteFideId "1013262"]
[BlackFideId "1010514"]
[EventDate "2014.12.21"]

1. e4 g6 2. d4 Bg7 3. Nc3 c6 4. f4 d5 5. e5 Nh6 6. Nf3 Bg4 7. Be2 Nf5 8. O-O e6
9. Na4 Bf8 10. c3 a5 11. Bd3 Nh4 12. Be2 Bxf3 13. Bxf3 Nd7 14. Be3 b5 15. Nc5
Bxc5 16. dxc5 g5 17. Bh5 Nf5 18. Qe2 Rf8 19. fxg5 Qe7 20. b4 axb4 21. cxb4 Nxe5
22. Bf4 Nc4 23. Bg4 Nh4 24. Bg3 Ng6 25. Rf6 Ra3 26. Raf1 Re3 27. Qf2 Re4 28. Bf3
Re5 29. Bxe5 Ncxe5 30. Qg3 Nd7 31. Bh5 Nxf6 32. gxf6 Qd8 33. Bxg6 hxg6 34. Rf3
Rh8 35. Ra3 Rh5 36. Ra7 e5 37. Qa3 Qxf6 38. Ra8+ Ke7 39. Qa7+ Ke6 40. Re8+ Kf5
41. Qd7+ Kf4 42. Re7 Rf5 43. Qd6 Ke4 44. Rxe5+ Qxe5 0-1

[Event "52nd Groningen Open"]
[Site "Groningen NED"]
[Date "2014.12.29"]
[Round "8.43"]
[White "De Groot, Hendrik"]
[Black "Chen, Yibo"]
[Result "1-0"]
[WhiteElo "2097"]
[BlackElo "2156"]
[WhiteFideId "1037021"]
[BlackFideId "8605815"]
[EventDate "2014.12.21"]

1. d4 d5 2. g3 Nf6 3. Bg2 Bf5 4. c4 c6 5. Nc3 e6 6. Nf3 Bd6 7. O-O Nbd7 8. Re1
O-O 9. Nh4 Bg4 10. h3 Bh5 11. g4 Ne4 12. Nxe4 dxe4 13. g5 h6 14. Bxe4 hxg5 15.
Bf3 g4 16. hxg4 Bxg4 17. Ng2 Bxf3 18. exf3 c5 19. Re4 Nf6 20. Bg5 Be7 21. Rh4
Nh7 22. Bxe7 Qxe7 23. Qd3 Nf6 24. Re1 cxd4 25. Nf4 g6 26. Qxd4 Qd8 27. Qe5 Kg7
28. Rg4 Kg8 29. Rg3 Nd7 30. Qh5 Nf6 31. Qh6 Qd2 32. Rxe6 Ne8 33. Rexg6+ fxg6 34.
Qxg6+ 1-0

[Event "52nd Groningen Open"]
[Site "Groningen NED"]
[Date "2014.12.29"]
[Round "8.44"]
[White "Gutkind, Kedem"]
[Black "Maris, Ivo"]
[Result "0-1"]
[WhiteElo "2064"]
[BlackElo "2232"]
[WhiteFideId "1046519"]
[BlackFideId "1028146"]
[EventDate "2014.12.21"]

1. e4 e6 2. d3 c5 3. Nf3 Nc6 4. Nbd2 d6 5. g3 g6 6. Bg2 Bg7 7. O-O Nge7 8. Re1
O-O 9. Nf1 Rb8 10. h4 Nd4 11. Nxd4 cxd4 12. Nh2 e5 13. Bg5 h6 14. Bd2 Kh7 15. f4
exf4 16. Bxf4 Nc6 17. Qd2 Be6 18. Rf1 Rc8 19. c4 dxc3 20. bxc3 Qa5 21. d4 Nxd4
22. cxd4 Qxd2 23. Bxd2 Bxd4+ 24. Kh1 Bxa1 25. Rxa1 Rc2 26. Bb4 Rxa2 27. Rxa2
Bxa2 28. Bxd6 Rc8 29. Ng4 Be6 30. Nf6+ Kg7 31. Be5 Rc1+ 32. Kh2 a5 33. Nd7+ f6
34. Nxf6 Kf7 35. h5 g5 36. Nd5 a4 37. Bb2 Rb1 38. Ba3 Rb3 0-1

[Event "52nd Groningen Open"]
[Site "Groningen NED"]
[Date "2014.12.29"]
[Round "8.45"]
[White "Dijkstra, Arjan"]
[Black "Gelip, Ioana"]
[Result "1-0"]
[WhiteElo "2029"]
[BlackElo "2151"]
[WhiteFideId "1021389"]
[BlackFideId "1202260"]
[EventDate "2014.12.21"]

1. e4 e6 2. d4 d5 3. Nc3 Nf6 4. e5 Nfd7 5. f4 c5 6. Nf3 Nc6 7. Be3 a6 8. Qd2 b5
9. dxc5 Nxc5 10. Qf2 Qe7 11. a3 Rb8 12. b4 Nd7 13. Bd3 f6 14. Qg3 Qf7 15. O-O
Be7 16. Rae1 f5 17. Qf2 O-O 18. h4 h6 19. Ne2 Bb7 20. g4 fxg4 21. Qg3 Qh5 22.
Nfd4 Nxd4 23. Nxd4 Qxh4 24. Qxh4 Bxh4 25. Re2 Rbe8 26. Bg6 Bd8 27. Rg2 Re7 28.
Rxg4 Bb6 29. Rf2 Rc8 30. Bd3 Rc3 31. Rfg2 Rxa3 32. Kf2 Nb8 33. Nxe6 Bxe3+ 34.
Ke2 g5 35. Nxg5 h5 36. Rh4 Rg7 37. Bh7+ Kh8 38. Rxh5 Bxf4 39. Nf7+ 1-0

[Event "52nd Groningen Open"]
[Site "Groningen NED"]
[Date "2014.12.29"]
[Round "8.46"]
[White "Hummel, Paul"]
[Black "Fluit, Johnny"]
[Result "1-0"]
[WhiteElo "2049"]
[BlackElo "2081"]
[WhiteFideId "1021168"]
[BlackFideId "1016253"]
[EventDate "2014.12.21"]

1. Nf3 d5 2. d4 Nf6 3. c4 c6 4. e3 Bf5 5. Nc3 e6 6. Nh4 Bg4 7. f3 Bh5 8. g3 Nbd7
9. Bd3 Qc7 10. O-O Be7 11. Ng2 Bg6 12. e4 dxc4 13. Bxc4 e5 14. dxe5 Nxe5 15. Bb3
Rd8 16. Qe2 Nd3 17. Be3 O-O 18. Rfd1 Nc5 19. Bc2 Ne6 20. Qf2 c5 21. Ne2 Qc6 22.
Nef4 Rfe8 23. Nxe6 fxe6 24. Nf4 Bf7 25. Nd3 Nd7 26. Rac1 b6 27. Bb3 Bf6 28. a3
Qb7 29. Ba2 Qa6 30. f4 Nb8 31. Bc4 Qb7 32. e5 Be7 33. f5 Qe4 34. f6 gxf6 35.
exf6 Bxf6 36. Re1 Qf5 37. Qc2 Nc6 38. Rf1 Qe4 39. Rce1 Nd4 40. Qf2 Nf5 41. Bb5
Rxd3 42. Bg5 Qg4 43. Bxf6 Nxg3 44. Bxd3 Nxf1+ 45. Kxf1 Bg6 46. Be2 Qh3+ 47. Kg1
Rf8 48. Rf1 Bf5 49. Be5 Kf7 50. Bg3 Rg8 51. Bc4 Rg5 52. Qe3 Kg6 53. Re1 Kh5 54.
Qe2+ Kh6 55. Qg2 Qg4 56. Be2 Qd4+ 57. Kh1 Kg6 58. Bf3 Kf7 59. Qf2 Qc4 60. Qd2
Qd4 61. Qxg5 1-0

[Event "52nd Groningen Open"]
[Site "Groningen NED"]
[Date "2014.12.29"]
[Round "8.47"]
[White "Rubingh, Otto"]
[Black "Jarmany, John"]
[Result "1/2-1/2"]
[WhiteTitle "FM"]
[WhiteElo "2209"]
[BlackElo "2023"]
[WhiteFideId "1002139"]
[BlackFideId "415421"]
[EventDate "2014.12.21"]

1. b3 d5 2. Bb2 Bf5 3. e3 e6 4. f4 Nf6 5. Nf3 Nbd7 6. Be2 h6 7. O-O Be7 8. h3
Ne4 9. Qe1 Bf6 10. c3 g5 11. Nd4 Bxd4 12. cxd4 gxf4 13. Rxf4 Rg8 14. Qh4 Qxh4
15. Rxh4 O-O-O 16. Kh2 Ng3 17. Nc3 Rg6 18. Bg4 Nf6 19. Kxg3 h5 20. Ne2 hxg4 21.
hxg4 Nxg4 22. Nf4 Rg7 23. Kf3 Rdg8 24. d3 Nf6 25. Rah1 Rg3+ 26. Kf2 Kd7 27. Rh8
R3g5 28. Rxg8 Rxg8 29. Ba3 Ne8 30. Rh6 b6 31. Kf3 Bg4+ 32. Kf2 Bf5 33. Kf3 Bg4+
34. Kf2 1/2-1/2

[Event "52nd Groningen Open"]
[Site "Groningen NED"]
[Date "2014.12.29"]
[Round "8.48"]
[White "Vos, Tjark"]
[Black "Patzenhauer, Max"]
[Result "1-0"]
[WhiteElo "2173"]
[BlackElo "2000"]
[WhiteFideId "1020870"]
[BlackFideId "24690554"]
[EventDate "2014.12.21"]

1. e4 e6 2. d4 d5 3. Nc3 Nf6 4. Bg5 dxe4 5. Nxe4 Nbd7 6. Nxf6+ Nxf6 7. Nf3 Be7
8. Bd3 Bd7 9. Ne5 c5 10. dxc5 Qa5+ 11. c3 Ba4 12. Nc4 Qxc5 13. Qxa4+ b5 14. Nd6+
Bxd6 15. Bxb5+ Ke7 16. Be3 Qe5 17. O-O-O Nd5 18. Bd4 Qf5 19. g3 Rab8 20. Qxa7+
Nc7 21. Bd3 Qh5 22. Bc4 Ra8 23. Qb6 Rhb8 24. Bf6+ Kxf6 25. Qxd6 Nb5 26. Qf4+ Ke7
27. Rhe1 Qc5 28. Rd5 Qc6 29. Qg5+ Kf8 30. Rc5 Qb6 31. Rxb5 Qxf2 32. Qc5+ 1-0

[Event "52nd Groningen Open"]
[Site "Groningen NED"]
[Date "2014.12.29"]
[Round "8.49"]
[White "Ratsma, Midas"]
[Black "Acikel, Mert"]
[Result "1-0"]
[WhiteElo "2137"]
[BlackElo "1917"]
[WhiteFideId "1032283"]
[BlackFideId "12956465"]
[EventDate "2014.12.21"]

1. d4 d5 2. c4 e6 3. Nc3 Nf6 4. cxd5 exd5 5. Bg5 Nbd7 6. e3 c6 7. Bd3 Be7 8.
Nge2 O-O 9. O-O Re8 10. Qc2 Nf8 11. Rab1 Ng6 12. b4 Be6 13. b5 Qd7 14. bxc6 bxc6
15. Na4 Qd6 16. Ng3 Nd7 17. Bxe7 Rxe7 18. Ba6 Nb6 19. Rfc1 Nxa4 20. Qxa4 Rc7 21.
Rb7 Rxb7 22. Bxb7 Rb8 23. Qxc6 Qxc6 24. Bxc6 Rc8 25. Rc2 Ne7 26. Ba4 Rxc2 27.
Bxc2 Nc6 28. Ne2 Nb4 29. Bb3 Kf8 30. Nc3 Ke7 31. a3 Nc6 32. Bxd5 Bxd5 33. Nxd5+
Kd6 34. Nc3 a6 35. Kf1 Na5 36. Ke2 Nc4 37. a4 Kc6 38. Kd3 Na5 39. e4 Nb3 40. f4
Nc1+ 41. Kc2 1-0

[Event "52nd Groningen Open"]
[Site "Groningen NED"]
[Date "2014.12.29"]
[Round "8.50"]
[White "Dirksen, Marieke"]
[Black "Keetman, Maaike"]
[Result "0-1"]
[WhiteElo "2002"]
[BlackElo "2074"]
[WhiteFideId "1032160"]
[BlackFideId "1033697"]
[EventDate "2014.12.21"]

1. d4 d5 2. c4 c6 3. Nf3 Nf6 4. Nc3 dxc4 5. a4 Bf5 6. Ne5 Nbd7 7. Nxc4 Nb6 8.
Ne5 a5 9. f3 Nfd7 10. e4 Nxe5 11. exf5 Ned7 12. d5 g6 13. dxc6 bxc6 14. Qd4 Rg8
15. fxg6 Rxg6 16. Qf2 Ne5 17. f4 Nd3+ 18. Bxd3 Qxd3 19. Qxb6 Bg7 20. Ne2 Rd8 21.
f5 Qxf5 22. Be3 Qe4 23. Rd1 Rxd1+ 24. Kxd1 Rd6+ 25. Ke1 Qb1+ 26. Nc1 Qc2 27. Ne2
Qd1+ 28. Kf2 Qxh1 29. Ng1 Rf6+ 30. Ke1 Qxh2 31. Qxa5 Qg3+ 32. Ke2 Qxg2+ 33. Kd3
Rd6+ 34. Kc4 Qc2+ 35. Kb4 Qxb2+ 36. Kc4 Qc2+ 37. Qc3 Qxc3# 0-1

[Event "52nd Groningen Open"]
[Site "Groningen NED"]
[Date "2014.12.29"]
[Round "8.51"]
[White "Veltman, Anne"]
[Black "Sandvik, Thomas"]
[Result "1/2-1/2"]
[WhiteElo "2012"]
[BlackElo "2060"]
[WhiteFideId "1026917"]
[BlackFideId "503231"]
[EventDate "2014.12.21"]

1. e4 e6 2. d4 d5 3. e5 c5 4. c3 Qb6 5. Nf3 Nc6 6. Bd3 Nh6 7. O-O cxd4 8. cxd4
Nf5 9. Bxf5 exf5 10. Nc3 Be6 11. a3 Be7 12. b4 O-O 13. Qd3 Rac8 14. Bd2 Qd8 15.
Rfe1 Nb8 16. Rac1 Nd7 17. Na4 Rxc1 18. Rxc1 Nb6 19. Nc5 Qb8 20. Qb5 Rc8 21. h4
Rc6 22. Rc3 Qc8 23. Ng5 Bxg5 24. Bxg5 h6 25. Bf4 Kh7 26. Qd3 Nd7 27. Rb3 Nxc5
28. bxc5 b6 29. cxb6 Rxb6 30. Rc3 Rc6 31. Bd2 Rxc3 32. Bxc3 Qc4 33. Qxc4 dxc4
34. Kf1 Bd5 35. Ke2 g5 36. f3 Kg6 37. Bb4 Kh5 38. hxg5 hxg5 39. Be7 f4 40. a4 g4
41. a5 a6 42. Bd6 gxf3+ 43. gxf3 Kg5 44. Bf8 Kf5 45. Bh6 Bc6 1/2-1/2

[Event "52nd Groningen Open"]
[Site "Groningen NED"]
[Date "2014.12.29"]
[Round "8.52"]
[White "Gieben, Stijn"]
[Black "Hertel, Johannes"]
[Result "1/2-1/2"]
[WhiteElo "2062"]
[BlackElo "1984"]
[WhiteFideId "1034170"]
[BlackFideId "24694851"]
[EventDate "2014.12.21"]

1. e4 c5 2. Nf3 d6 3. d4 cxd4 4. Nxd4 Nf6 5. Nc3 g6 6. f3 Bg7 7. Be3 O-O 8. Qd2
Nc6 9. g4 Be6 10. Nxe6 fxe6 11. Bc4 Qc8 12. Bb3 Na5 13. O-O-O Nxb3+ 14. axb3 Nd7
15. Bg5 Bf6 16. Rhf1 Qc5 17. Be3 Qa5 18. Nb1 Qxd2+ 19. Nxd2 Ne5 20. h3 g5 21. f4
gxf4 22. Rxf4 Rfc8 23. Rff1 a5 24. Nf3 Nxf3 25. Rxf3 a4 26. Bh6 a3 27. bxa3 Rxa3
28. Kd2 Ra2 29. Rc1 Bb2 30. Rcf1 Bf6 31. Rc1 Bb2 32. Rcf1 Bf6 33. Rc1 Bb2 1/2-1/2

[Event "52nd Groningen Open"]
[Site "Groningen NED"]
[Date "2014.12.29"]
[Round "8.53"]
[White "Bhattacharjee, Sourav"]
[Black "De Boer, Eelke"]
[Result "0-1"]
[WhiteElo "2029"]
[BlackElo "1933"]
[WhiteFideId "1048090"]
[BlackFideId "1048120"]
[EventDate "2014.12.21"]

1. e4 e5 2. Nf3 Nc6 3. Bb5 f5 4. d3 Nf6 5. O-O Bc5 6. Nc3 O-O 7. Bg5 h6 8. Bc4+
Kh8 9. Bd2 f4 10. Nd5 d6 11. b4 Bb6 12. a4 a5 13. Nxb6 cxb6 14. b5 Nb8 15. h3
Qe7 16. Bc1 Be6 17. Bxe6 Qxe6 18. Re1 g5 19. d4 Nbd7 20. Bb2 Rg8 21. Nh2 g4 22.
d5 Qf7 23. hxg4 Rg5 24. f3 Rag8 25. Kf2 Kg7 26. Ba3 Nc5 27. Bxc5 bxc5 28. b6 h5
29. Rg1 hxg4 30. Nxg4 Nxg4+ 31. fxg4 Kf6 32. Ra3 Rxg4 33. Rh3 Qg6 34. Qf3 Ke7
35. Kf1 Qf7 36. Rgh1 R8g7 37. Rh8 Rg3 38. Qh5 Qxh5 39. R1xh5 Rxg2 40. Rb8 Rg1+
41. Ke2 Kf6 42. Rh6+ Kg5 43. Rxd6 Kg4 44. Rf6 c4 45. Kd2 Kf3 46. Re8 Kxe4 47. d6
R7g3 48. Rxf4+ Kxf4 49. d7 c3+ 50. Ke2 R3g2+ 51. Kd3 Rd2+ 0-1

[Event "52nd Groningen Open"]
[Site "Groningen NED"]
[Date "2014.12.29"]
[Round "8.54"]
[White "Zuiderweg, Edwin"]
[Black "Lemstra, Bart"]
[Result "1-0"]
[WhiteElo "2010"]
[BlackElo "1956"]
[WhiteFideId "1012207"]
[BlackFideId "1034430"]
[EventDate "2014.12.21"]

1. d4 d5 2. Nf3 Nf6 3. e3 e6 4. Bd3 c5 5. b3 Nc6 6. Nbd2 Be7 7. a3 b6 8. Bb2 Bb7
9. O-O O-O 10. Ne5 Nxe5 11. dxe5 Ne8 12. f4 g6 13. e4 dxe4 14. Nxe4 Qd5 15. c4
Qc6 16. Qe2 Rd8 17. Rad1 Qc7 18. g4 Bxe4 19. Qxe4 Ng7 20. f5 gxf5 21. gxf5 Nxf5
22. Rxf5 exf5 23. Qxf5 Rxd3 24. Rxd3 Rd8 25. e6 f6 26. Rg3+ Qxg3+ 27. hxg3 Rd1+
28. Kg2 Rd2+ 29. Kh3 Rxb2 30. Qd5 Re2 31. Qh5 Re5 32. Qe8+ Bf8 33. Qf7+ 1-0

[Event "52nd Groningen Open"]
[Site "Groningen NED"]
[Date "2014.12.30"]
[Round "9.1"]
[White "Alsina Leal, Daniel"]
[Black "Donchenko, Alexander"]
[Result "0-1"]
[WhiteTitle "GM"]
[BlackTitle "IM"]
[WhiteElo "2540"]
[BlackElo "2523"]
[WhiteFideId "2252627"]
[BlackFideId "24603295"]
[EventDate "2014.12.21"]

1. e4 c5 2. Nf3 d6 3. Bb5+ Bd7 4. Bxd7+ Qxd7 5. c4 Nf6 6. Nc3 g6 7. d4 cxd4 8.
Nxd4 Bg7 9. b3 Nc6 10. Bb2 O-O 11. O-O a6 12. Nxc6 bxc6 13. Na4 Qc7 14. Qe2 Nd7
15. Bxg7 Kxg7 16. f4 Qa5 17. Qe3 Rad8 18. Rad1 Rfe8 19. Rf2 Nf6 20. Rfd2 e5 21.
Qc3 Qc7 22. Qf3 exf4 23. Nc3 Qa5 24. h3 Re6 25. Rd3 Qe5 26. Rd4 Rde8 27. R4d3 g5
28. Qf2 h6 29. Qd4 Qxd4+ 30. Rxd4 Nxe4 31. Nxe4 Rxe4 32. Rxe4 Rxe4 33. Rxd6 Re6
34. Rd1 Kg6 35. Kf2 f5 36. Rd8 g4 37. Rg8+ Kh5 38. Rf8 Kg5 39. Rg8+ Kh4 40. Rg7
Rd6 41. Ke1 Kg3 42. c5 Rd5 43. b4 h5 44. hxg4 hxg4 45. Kf1 Rd1+ 46. Ke2 Ra1 47.
Rf7 Kxg2 48. Rxf5 f3+ 49. Ke3 Re1+ 50. Kd4 0-1

[Event "52nd Groningen Open"]
[Site "Groningen NED"]
[Date "2014.12.30"]
[Round "9.3"]
[White "Bok, Benjamin"]
[Black "Tiviakov, Sergei"]
[Result "1-0"]
[WhiteTitle "GM"]
[BlackTitle "GM"]
[WhiteElo "2572"]
[BlackElo "2677"]
[WhiteFideId "1017063"]
[BlackFideId "1008013"]
[EventDate "2014.12.21"]

1. e4 c5 2. Nf3 Nc6 3. Bb5 d6 4. O-O Bd7 5. Re1 Nf6 6. c3 a6 7. Bf1 Bg4 8. h3
Bxf3 9. Qxf3 g6 10. d3 Bg7 11. Be3 O-O 12. Nd2 Nd7 13. Qd1 b5 14. Nf3 b4 15. d4
bxc3 16. bxc3 Qa5 17. Qd3 Rfc8 18. Reb1 Qa3 19. Rb3 Qa4 20. Rab1 Qxa2 21. Rb7
cxd4 22. cxd4 Ncb8 23. Rc1 Rd8 24. Qc3 Qe6 25. Bc4 Qxe4 26. Bxf7+ Kh8 27. Qb3
Qf5 28. Be6 Qf6 29. Ng5 1-0

[Event "52nd Groningen Open"]
[Site "Groningen NED"]
[Date "2014.12.30"]
[Round "9.4"]
[White "Klekowski, Maciej"]
[Black "L'Ami, Erwin"]
[Result "0-1"]
[BlackTitle "GM"]
[WhiteElo "2418"]
[BlackElo "2613"]
[WhiteFideId "1132717"]
[BlackFideId "1007998"]
[EventDate "2014.12.21"]

1. c4 e5 2. Nc3 Nc6 3. Nf3 f5 4. d4 e4 5. Ne5 Bb4 6. Nxc6 bxc6 7. Qb3 a5 8. a3
Be7 9. g4 d6 10. gxf5 Bxf5 11. Bg2 Nf6 12. Qa4 O-O 13. Qxc6 Bd7 14. Qb7 Rb8 15.
Qa6 c6 16. Nxe4 Nxe4 17. Bxe4 Qc7 18. c5 d5 19. Bg2 Bh4 20. O-O Bxf2+ 21. Kh1
Bxd4 22. Bd2 Bxb2 23. Rab1 Bxa3 24. Bxa5 Qc8 25. Qd3 Bxc5 26. e4 Rxb1 27. Rxb1
Qe8 28. Bc7 Qg6 29. Rc1 Be7 30. Rg1 Bc5 31. Rc1 Bf2 32. Qb3 Qg5 33. Rf1 Bc5 34.
Rd1 Be6 35. Bg3 Rd8 36. Bc7 Rd7 37. Qb8+ Bf8 38. Rf1 Rf7 39. Bf4 Qe7 40. Rc1 Qd7 0-1